Stage lighting design (Registro nro. 322047)

Detalles MARC
000 -ENCABEZADO
Número de control [NR] 00815nam a2200217 4500
005 - FECHA Y HORA DE LA ÚLTIMA TRANSACCIÓN
control field 20230130073003.0
008 - DE LONGITUD FIJA DE DATOS DE ELEMENTOS - INFORMACIÓN GENERAL
Elementos de longitud fija [NR] 230130s2010 enka|||gr|||| 00| 0 eng d
020 ## - NUMERO INTERNACIONAL NORMALIZADO PARA LIBROS [R]
Número Internacional Normalizado del libro [NR] 9781861262486
040 ## - FUENTE DE CATALOGACION [NR]
Agencia de catalogación original [NR] CO-BoUCM
Idioma de catalogación [NR] spa
Quien Cataloga Deissy Garcia
Quien Clasifica Deissy Garcia
041 0# - CODIGO DE IDIOMA [R]
Código de idioma para texto/pista de sonido o título separado [R] Inglés
100 1# - ASIENTO PRINCIPAL--NOMBRE PERSONAL [NR]
ID Autoridad 176638
Nombre personal [NR] Fraser, Neil
245 10 - MENCION DE TITULO [NR]
Título [NR] Stage lighting design
Parte restante del título [NR] a practical guide
Mención de responsabilidad, etc. [NR] Neil Fraser ; prólogo Richard Attenborough
260 ## - PUBLICACION, DISTRIBUCION, ETC. (PIE DE IMPRENTA) [R]
Lugar de publicación, distribución, etc. [R] Marlborough, Wiltshire
Nombre del editor, distribuidor, etc. [R] Crowood Press
Fecha de publicación, distribución, etc. [R] 1999
300 ## - DESCRIPCION FISICA [R]
Extensión [R] 208 páginas
Otros detalles físicos [NR] ilustraciones
504 ## - NOTA DE BIBLIOGRAFIA, ETC. [R]
Nota de bibliografía, etc. [NR] Incluye referencias bibliográficas
650 #0 - ASIENTO SECUNDARIO DE MATERIA - TERMINO TEMATICO [R]
9 (RLIN) 176639
Término temático o nombre geográfico como elemento de entrada [NR] Iluminación escénica
Subdivisión de forma [R] Manuales
650 #0 - ASIENTO SECUNDARIO DE MATERIA - TERMINO TEMATICO [R]
9 (RLIN) 176640
Término temático o nombre geográfico como elemento de entrada [NR] Alumbrado de teatros
Subdivisión de forma [R] Manuales
700 ## - ASIENTO SECUNDARIO - NOMBRE PERSONAL [R]
9 (RLIN) 63391
Nombre personal [NR] Attenborough, Richard
Término de relación [R] prólogo
942 ## - ELEMENTOS DE ENTRADA AGREGADOS (KOHA)
Sistema de clasificación DEWEY
Tipo de ítem principal el descrito en 300a Libro
Tema principal Arte
Clasificación 792.025
Parte restante de la signatura top. F841s
Edición 1
Título oculto en OPAC No
Existencias
Total préstamos Signatura topográfica Código de barras Última vez visto Ejemplar Costo de reposición Price effective from Tipo de ítem Nota pública (OPAC) Perdido Sistema de clasificación Dañado No prestable Tipo de ítem específico Suprimido Ubicación habitual Ubicación actual Localización Fecha de creación Forma de adquisición Costo
  792.025 F841s 100171187 10/12/2025 Ej.1 26000.00 30/01/2023 Libro Spot Teatro Musical   DEWEY     Libro   Sede del emprendimiento y la innovación Sede del Emprendimiento, Innovación y Creación 1er piso 30/01/2023 Donación 0.00